Maailman valtiot sekä tunnustamattomia valtioita ja territorioita - Statistics

Yleistilastot
  • Tätä visaa on pelattu 545 kertaa
    373 viimeisimmän päivityksen jälkeen
  • Keskiarvotulos 173 / 247
Vastaukset kartalla
Vastauksille on annettu kartalla punavihreä väri sen mukaan, kuinka moni on saanut sen oikein.
 
Vastaustilastot
Valtio tai alue % Oikein
Kanada
90%
Yhdysvallat
90%
Suomi
89%
Grönlanti
88%
Meksiko
88%
Ranska
88%
Venäjä
88%
Espanja
87%
Islanti
87%
Norja
87%
Tanska
87%
Viro
87%
Irlanti
86%
Italia
86%
Liettua
86%
Portugali
86%
Ruotsi
86%
Saksa
86%
Yhdistynyt kuningaskunta
86%
Alankomaat
85%
Australia
85%
Belgia
85%
Brasilia
85%
Chile
85%
Japani
85%
Kiina
85%
Kuuba
85%
Latvia
85%
Puola
85%
Ukraina
85%
Valko-Venäjä
85%
Argentiina
84%
Etelä-Korea
84%
Intia
84%
Irak
84%
Iran
84%
Kreikka
84%
Mongolia
84%
Romania
84%
Sveitsi
84%
Tšekki
84%
Turkki
84%
Afganistan
83%
Albania
83%
Bosnia ja Hertsegovina
83%
Bulgaria
83%
Haiti
83%
Indonesia
83%
Itävalta
83%
Kolumbia
83%
Kosovo
83%
Kroatia
83%
Madagaskar
83%
Marokko
83%
Moldova
83%
Peru
83%
Pohjois-Korea
83%
Pohjois-Makedonia
83%
Slovakia
83%
Slovenia
83%
Thaimaa
83%
Unkari
83%
Vietnam
83%
Egypti
82%
Etelä-Afrikka
82%
Jemen
82%
Kazakstan
82%
Nepal
82%
Oman
82%
Pakistan
82%
Saudi-Arabia
82%
Serbia
82%
Somalia
82%
Sri Lanka
82%
Uusi-Seelanti
82%
Venezuela
82%
Algeria
81%
Bolivia
81%
Dominica
81%
Ecuador
81%
Filippiinit
81%
Georgia
81%
Israel
81%
Laos
81%
Liechtenstein
81%
Luxemburg
81%
Malesia
81%
Malta
81%
Panama
81%
Papua-Uusi-Guinea
81%
Paraguay
81%
Turkmenistan
81%
Uruguay
81%
Uzbekistan
81%
Vatikaanivaltio
81%
Andorra
80%
Bangladesh
80%
Costa Rica
80%
Etiopia
80%
Jordania
80%
Kirgisia
80%
Kongon demokraattinen tasavalta
80%
Kongon tasavalta
80%
Libya
80%
Mali
80%
Montenegro
80%
Myanmar
80%
Niger
80%
Nigeria
80%
Qatar
80%
San Marino
80%
Sudan
80%
Syyria
80%
Yhdistyneet arabiemiraatit
80%
Armenia
79%
Etelä-Sudan
79%
Jamaika
79%
Kypros
79%
Azerbaidžan
78%
Bahama
78%
Dominikaaninen tasavalta
78%
El Salvador
78%
Eritrea
78%
Guatemala
78%
Guinea
78%
Guyana
78%
Honduras
78%
Kenia
78%
Lesotho
78%
Namibia
78%
Norsunluurannikko
78%
Taiwan
78%
Tansania
78%
Tšad
78%
Tunisia
78%
Bhutan
77%
Kuwait
77%
Malediivit
77%
Suriname
77%
Angola
76%
Belize
76%
Ghana
76%
Kambodža
76%
Keski-Afrikan tasavalta
76%
Mauritania
76%
Mikronesia
76%
Nicaragua
76%
Sambia
76%
Senegal
76%
Togo
76%
Zimbabwe
76%
Botswana
75%
Färsaaret
75%
Kap Verde
75%
Libanon
75%
Liberia
75%
Mauritius
75%
Monaco
75%
Mosambik
75%
Päiväntasaajan Guinea
75%
Swazimaa
75%
Tadžikistan
75%
Tuvalu
75%
Uganda
75%
Nauru
74%
Djibouti
73%
Gambia
73%
Guinea-Bissau
73%
Itä-Timor
73%
Kamerun
73%
Kiribati
73%
Malawi
73%
Marshallinsaaret
73%
Ruanda
73%
Saint Lucia
73%
Samoa
73%
Seychellit
73%
Sierra Leone
73%
Benin
72%
Fidži
72%
Saint Kitts ja Nevis
72%
Tonga
72%
Bahrain
71%
Saint Vincent ja Grenadiinit
71%
Trinidad ja Tobago
71%
Vanuatu
71%
Burkina Faso
70%
Palau
70%
Palestiina
70%
Salomoninsaaret
70%
São Tomé ja Príncipe
70%
Barbados
69%
Brunei
69%
Burundi
69%
Gabon
69%
Komorit
69%
Antigua ja Barbuda
68%
Grenada
68%
Ranskan Guayana
67%
Huippuvuoret ja Jan Mayen
66%
Singapore
66%
Länsi-Sahara
63%
Puerto Rico
54%
Somalimaa
46%
Bermuda
44%
Falklandinsaaret
43%
Pohjois-Kypros
41%
Ranskan Polynesia
40%
Brittiläiset Neitsytsaaret
39%
Hongkong
39%
Yhdysvaltain Neitsytsaaret
39%
Guam
37%
Gibraltar
36%
Aruba
34%
Etelä-Ossetia
34%
Réunion
34%
Transnistria
34%
Mansaari
32%
Joulusaari
31%
Saint Helena, Ascension ja Tristan da Cunha
31%
Uusi-Kaledonia
31%
Curaçao
30%
Caymansaaret
28%
Abhasia
27%
Amerikan Samoa
27%
Cookinsaaret
27%
Guadeloupe
27%
Macao
26%
Saint Martin
26%
Martinique
25%
Jersey
24%
Kookossaaret
24%
Guernsey
22%
Anguilla
21%
Niue
21%
Pohjois-Mariaanit
21%
Turks- ja Caicossaaret
21%
Mayotte
20%
Montserrat
20%
Alankomaiden Karibia
19%
Sint Maarten
19%
Tokelau
18%
Saint Pierre ja Miquelon
17%
Norfolkinsaari
16%
Pitcairnsaaret
16%
Wallis ja Futuna
16%
Saint Barthélemy
12%
Ehtoja vastaavia visoja ei löytynyt
Tulosjakauma
Jokaisen tuloksen saaneiden osuus
Persentiili vastausten määrän mukaan
Tuloshistoriasi
Et ole pelannut tätä visaa sen viimeisimmän päivityksen jälkeen